| 000 | 00969nam a22002417a 4500 | ||
|---|---|---|---|
| 005 | 20100819121450.0 | ||
| 008 | 090109t xxu||||| |||| 00| 0urd d | ||
| 010 | _a UR-7781 | ||
| 020 | _c400.00 | ||
| 035 | _aU-6336 | ||
| 040 |
_adpl _burd |
||
| 082 | _a843.08 | ||
| 100 |
_912785 _aعلیم صبا نویدی |
||
| 245 |
_aاردوادب کااؤلین نقاد مولاناباقرآگاہ ویلوری / _cعلیم صبا نویدی |
||
| 246 |
_aUrdu Adab Ka Awwaleen Naqqaad Moulana Baqar Agaah Vellori / _bby Aleem Saba Naveedi |
||
| 260 |
_aچننائ _c2009 _bٹمل ناڈو اردو پبلی کیشنز |
||
| 270 |
_aAleem Saba Naveedi _bChennai |
||
| 300 |
_a208 ص _c22 س م (Hb) |
||
| 650 |
_2critisim _912786 |
||
| 700 |
_913044 _aجاویدحبیب |
||
| 942 |
_2ddc _cUR _h843.08 _mع ل ی |
||
| 999 |
_c42531 _d42531 |
||